Language Quiz

Random Language or Letter Quiz

Drop a J Quiz Stats

Quiz Updated Jan 25, 2016

Also try: Drop a K
Challenge
Share
Tweet
Embed
Score 0/15 Timer 03:00
0 Plays Today
% Correct
FJORD
95.9%
HADJ
95.8%
JAM
95%
JOWLS
94.2%
JANGLED
93.2%
JARGON
91.6%
JAILED
91.4%
DJIN
90.9%
% Correct
MOJO
89.3%
INJURED
72.1%
JUNCTION
61.3%
DOJO
55.4%
CONJURE
42.5%
JOINTED
39.5%
JUMBLES
19.7%

You're not logged in!

Compare scores with friends on all Sporcle quizzes.
Sign Up with Email
OR
Log In

You Might Also Like...

Show Comments

Extras

Top Quizzes Today


Score Distribution

Your Account Isn't Verified!

In order to create a playlist on Sporcle, you need to verify the email address you used during registration. Go to your Sporcle Settings to finish the process.